| 000 | 00000nam##2200000za#4500 |
| 001 | 9.599676 |
| 003 | CaOODSP |
| 005 | 20240501092931 |
| 007 | cr ||||||||||| |
| 008 | 150406|2004||||xxc|||||o f|0| 0 fre|d |
| 040 | |aCaOODSP|bfre |
| 043 | |an-cn--- |
| 086 | 1 |aPS83-3/147F-PDF |
| 110 | 2 |aService correctionnel Canada. |
| 245 | 10|aLes Comités consultatifs de citoyens au Canada / |h[ressource électronique]|c[par] Shelley Trevethan. |
| 260 | |bService correctionnel Canada |cJuin 2004. |
| 300 | |a131p.|bfigure, graphiques, références, tableaux |
| 490 | 1 |aRapport de recherche|vR-147 |
| 590 | |a10-14-Supp|b2010-12-03 |
| 720 | 1 |aTrevethan, Shelley |
| 720 | 1 |aGillis, Christa A. |
| 720 | 1 |aRastin, Christopher J. |
| 720 | 1 |aBell, Amey |
| 775 | 08|tCitizens' Advisory Committees in Canada / |w(CaOODSP)9.568388 |
| 830 | #0|aRapport de recherche (Service correctionnel Canada. Direction de la recherche)|vR-147|w(CaOODSP)9.502465 |
| 856 | 40|ahttp://publications.gc.ca|qPDF|s2 Mo|uhttps://publications.gc.ca/collections/collection_2010/scc-csc/PS83-3-147-fra.pdf|yR-147 |